00437pab a2200157 454500008004000000100001600040245007700056260000900133300001300142362000800155650002200163650001200185650002700197700002400224773003100248180718b2014 xxu||||| |||| 00| 0 eng d aElder, Todd aAre Catholic primary schools more effective than public primary schools? c2014 ap.28-38. aMar aPrimary education aSchools aDenominational schools aJepsen, Christopher aJournal of Urban Economics